000 00516nam a2200193Ia 4500
005 20250508161701.0
008 008 250505s9999 xx 000 0 eng d
037 _aTextual
040 _aFEDL
_beng
_cFEDL
041 _aeng
_2eng
084 _a523, WOL
_qFEDL
100 _aWolfe Caleb Wore...(et.al)
_9771329
245 0 _aEarth and space science
250 _a2
260 _aLincoln
_bD C Heath and Company
_c1971
300 _aix,630p
942 _cTEXL
_h523, WOL
999 _c1371543
_d1371543